बाबा साहब भीमराव अम्बेडकर/ (Record no. 212522)

MARC details
000 -LEADER
fixed length control field 00833nam a22001817a 4500
005 - DATE AND TIME OF LATEST TRANSACTION
control field 20250724105504.0
010 ## - LCCN (DPL NO)
LC control number HIN-129934
020 ## - INTERNATIONAL STANDARD BOOK NUMBER
International Standard Book Number 8190167146
Terms of availability 300.00
035 ## - SYSTEM CONTROL NUMBER
System control number HN-102280
037 ## - SOURCE OF ACQUISITION
Source of stock number/acquisition DBAD/PUB
082 ## - DEWEY DECIMAL CLASSIFICATION NUMBER
Classification number 921
100 ## - MAIN ENTRY--PERSONAL NAME
Personal name संदीप कुमार
245 ## - TITLE STATEMENT
Title बाबा साहब भीमराव अम्बेडकर/
Statement of responsibility, etc संदीप कुमार
260 ## - PUBLICATION, DISTRIBUTION, ETC. (IMPRINT)
Place of publication, distribution, etc दिल्ली
Name of publisher, distributor, etc कोहिनूर पब्लिशर्स एण्ड डिस्ट्रीब्यूटर्स
270 ## - ADDRESS
Address 29/32 बी, प्रथम तल , गली न. 12 विश्वास नगर , शाहदरा , दिल्ली - 110032
300 ## - PHYSICAL DESCRIPTION
Extent 128पृ.
Other physical details 22.4सेमी (सजिल्द)
942 ## - ADDED ENTRY ELEMENTS (KOHA)
Source of classification or shelving scheme Dewey Decimal Classification
Item type Hindi Books
Classification part 921
Call number suffix संदीप
Holdings
Withdrawn status Lost status Not for loan Collection code Home library Current library Date acquired Source of acquisition Cost, normal purchase price Full call number Barcode Copy number Cost, replacement price Koha item type
      Non-fiction Central Library Central Library 24/07/2025 DBAD 300.00 921 संदीप HN-102280 1 300.00 Hindi Books

© Delhi Public Library
Hit Counter
free hit counter